Statistiken für Länder in NATO und EU

Klicken Sie hier um das Quiz zu spielen!

Allgemein

  • Dieses Quiz wurde 289 mal gespielt
    (234 seit der letzten Aktualisierung)
  • Das Durchschnittsergebnis liegt bei 17 aus 21

Antwortstatistiken

NATO und EU-Land% Korrekt
Deutschland
98%
Frankreich
91%
Polen
89%
Spanien
89%
Belgien
88%
Portugal
86%
Italien
85%
Niederlande
84%
Estland
79%
Griechenland
78%
Dänemark
77%
Lettland
77%
Bulgarien
74%
Litauen
74%
Tschechien
74%
Kroatien
73%
Luxemburg
73%
Rumänien
73%
Slowakei
70%
Slowenien
70%
Ungarn
68%

Verteilung der Resultate

Perzentil nach korrekt beantworteten Fragen

Anzahl Personen mit jedem Resultat

Ihre Resultats-Entwicklung

Sie haben dieses Quiz seit der letzten Aktualisierung nicht gespielt